000 00201 a2200097 4500
001 2276
100 _aSmith,GG
245 _aGas Turbine & Jet Propulsion
260 _a
_bIliffe
_c
090 _c1649
_d1649
942 _aNUST-CAE
_cM
_c7213
999 _c237349
_d237349